Systém řízení socialistického hospodářství vybrané kapitoly

Gespeichert in:
Bibliographische Detailangaben
1. Verfasser: Mynař, Antonín
Körperschaft: Vysoká škola ekonomická v Praze. Fakulta řízení
Format: Buch
Sprache:Tschechisch
Veröffentlicht: Praha Státní pedagogické nakladatelství 1983
Tags: Tag hinzufügen
Keine Tags, Fügen Sie das erste Tag hinzu!

MARC

LEADER 00000nam a2200000 4500
001 c115599
005 20190201111336.0
041 0 |a cze 
044 |a CZ 
245 1 0 |a Systém řízení socialistického hospodářství  |b vybrané kapitoly  |c Antonín Mynář a kol. 
264 1 |a Praha  |b Státní pedagogické nakladatelství  |c 1983 
300 |a 206 s. 
100 1 |a Mynař, Antonín 
710 2 |a Vysoká škola ekonomická v Praze. Fakulta řízení